Normal view
MARC view
- F. R. Worts. MA
Entry Personal Name
001 - CONTROL NUMBER
- control field: 108412
003 - CONTROL NUMBER IDENTIFIER
- control field: NUST
005 - DATE AND TIME OF LATEST TRANSACTION
- control field: 20230201135842.0
008 - FIXED-LENGTH DATA ELEMENTS
- fixed length control field: 230201|| aca||aabn | a|a d
040 ## - CATALOGING SOURCE
- Original cataloging agency: NUST
- Transcribing agency: NUST
100 ## - HEADING--PERSONAL NAME
- Personal name: F. R. Worts. MA
670 ## - SOURCE DATA FOUND
- Source citation: Work cat.: (NUST)186954: F. R. Worts. MA, Empires of long ago / , 1930
